000 01086nam a2200289 i 4500
001 187389
003 ES-MaACL
005 20260304133925.0
008 170628s1913 sp |||| | spa d
080 _a1(081) Valera, Juan
080 _a2(081) Valera, Juan
100 1 _aValera, Juan,
_d1824-1905
_9112638
245 1 0 _aEstudios críticos sobre filosofía y religión.
_nII,
_p(1863-1888) /
_cJuan Valera.
260 _a[Madrid :
_bs.n.],
_c1913 (
_fImp. Alemana)
300 _a1 v. (342 p.) ;
_c16 cm.
490 1 _aObras completas ;
_v35
505 8 _aContiene: Teoría de lo absoluto ; El racionalismo armónico ; De la filosofía española ; Psicología del amor
530 _aDisponible en formato digital la obra completa (3 v.)
650 7 _aFilosofía
_2embne
_912802
650 7 _aReligión
_2embne
_916797
650 7 _aAmor
_2embne
_99754
830 1 _aObras completas ;
_v35
_9176447
852 _aES-MaACL
_jB-2878
_cSPB
856 4 _uhttp://bdh-rd.bne.es/viewer.vm?id=0000201201&page=1
_yBiblioteca Digital Hispánica
942 _2udc
999 _c187389
_d187389